| 000 | 00712nam a2200193 4500 | ||
|---|---|---|---|
| 001 | 9633 | ||
| 010 | _a9973-931-13-0 | ||
| 090 | _a9633 | ||
| 099 | _tLIVR | ||
| 100 | _a20260421d u||y0frey5050 ba | ||
| 101 |
_aara _afre _aeng |
||
| 102 | _aTN | ||
| 200 |
_aLes Tunisiennes - التونسيّات - Tunisian Women _bLIVR _fCREDIF الكريديف |
||
| 210 |
_aTunis _cCérès Promotions _dAout 1995 |
||
| 215 |
_a55 p. _ccouv.coul. _d26.5 x 21 |
||
| 606 |
_aLa femme tunisienne _xLa femme tunisienne et la société _xLa femme tunisienne et l'Histoire _xLe statut des femmes _xLa condition des femmes _yTunisie _926711 |
||
| 710 |
_aCREDIF الكريديف _926712 |
||
| 801 |
_aTN _b32BIS _c20260421 _gUNIMARC |
||
| 830 | _aABA | ||